000 00524nam a2200217 a 4500
999 _c1910
_d1910
001 1910
003 BD-JhCC
005 20171028105640.0
008 171026s2005 i a|||| ||a| 000 0 eng d
035 _a(BD-JhCC) 1910
040 _aBD-JhCC
_dBD-JhCC
041 _aeng
082 _a813.4
_bWAL 2005
100 _aWallace, Lew
245 _aBen hur /
_cLew Wallace
260 _aIndia :
_bDhingra Publishing House ,
_c2005
300 _a193 p .:
_c22 cm .
650 _aJesus Christ
942 _2ddc
_cBK